Informes contables de activos intangibles (Registro nro. 9141)

Detalles MARC
000 -LEADER
fixed length control field 00360 a2200121 4500
001 - CONTROL NUMBER
control field ART_7572
005 - DATE AND TIME OF LATEST TRANSACTION
control field 20260410161555.0
008 - FIXED-LENGTH DATA ELEMENTS--GENERAL INFORMATION
fixed length control field 260409a
100 1# - MAIN ENTRY--PERSONAL NAME
Personal name Simaro, Jorge D.
245 10 - TITLE STATEMENT
Title Informes contables de activos intangibles
700 1# - ADDED ENTRY--PERSONAL NAME
Personal name Tonelli, Omar E.
773 0# - HOST ITEM ENTRY
Title Profesional & Empresaria
Related parts - Año IX, Nº 105 (jun. 2008)
Record control number REV70

No hay ítems disponibles.